000
00290nam a2200121Ia 4500
008
241015s9999 xx 000 0 und d
041
_a
eng
082
_a
658.83 BLA
100
_a
Blanchard
245
_a
Customer Mania
260
_b
Harper Collins
_a
New York
_c
2013
300
_a
194;. P. 20 cm
999
_c
41728
_d
41728